[Event "Europe Echecs online op April"]
[Site "Europe Echecs INT"]
[Date "2020.04.11"]
[Round "2"]
[White "Lehenaff, Julien"]
[Black "Pacheco, Marco"]
[Result "0-1"]
[WhiteElo "1810"]
[BlackElo "2353"]
[PlyCount "120"]
[EventDate "2020.04.11"]
[EventType "swiss (blitz)"]
[EventRounds "11"]
[EventCountry "FRA"]
[SourceTitle "EXT 2021"]
[Source "ChessBase"]
[SourceDate "2020.10.23"]
[SourceVersion "1"]
[SourceVersionDate "2020.10.23"]
[SourceQuality "1"]

1. e4 e6 2. d4 d5 3. e5 c5 4. c3 Nc6 5. Nf3 Qb6 6. Ke2 cxd4 7. cxd4 Nge7 8. Na3 Nf5 9. Nc2 Bd7 10. g4 Nfe7 11. Ke1 h5 12. gxh5 Rxh5 13. Bd3 Nf5 14. Be2 Be7 15. Rb1 a5 16. Bd2 Nb4 17. a3 Nxc2+ 18. Qxc2 Rh3 19. Bc3 Rc8 20. Rg1 g6 21. Kf1 a4 22. Qd3 Kf8 23. Kg2 Rh7 24. Rgc1 Kg7 25. Qd2 Rch8 26. Ba5 Qa7 27. Rc7 Bc6 28. Rc1 Qa8 29. Bd3 Bd8 30. Bxf5 exf5 31. Bb6 Bxc7 32. Bxc7 Qe8 33. Re1 Rh5 34. e6 f6 35. Qb4 g5 36. Qd6 g4 37. Ng1 Rxh2+ 38. Kf1 Rh1 39. Qf4 Kg6 40. Ke2 Bb5+ 41. Kd2 Qc6 42. Qg3 Re8 43. f3 Rxe6 44. fxg4 Rxe1 45. gxf5+ Kxf5 46. Kxe1 Qc1+ 47. Kf2 Qd2+ 48. Kf3 Qd3+ 49. Kf2 Qxg3+ 50. Bxg3 Ke4 51. Ne2 Bxe2 52. Kxe2 Rb1 53. Bd6 Rxb2+ 54. Ke1 Rb3 55. Bc5 f5 56. Kf2 f4 57. Ke1 b5 58. Kf2 b4 59. axb4 a3 60. b5 a2 0-1